La formación del poder político en México (Record no. 150645)

MARC details
000 -LEADER
fixed length control field nam a22 7a 4500
005 - DATE AND TIME OF LATEST TRANSACTION
control field 20190826110853.0
008 - FIXED-LENGTH DATA ELEMENTS--GENERAL INFORMATION
fixed length control field 160513s1972 mx |||| |||| 001 0 spa d
020 ## - INTERNATIONAL STANDARD BOOK NUMBER
International Standard Book Number 9684112475
050 04 - LIBRARY OF CONGRESS CALL NUMBER
Classification number F1234
Item number C67 1972
100 1# - MAIN ENTRY--PERSONAL NAME
Personal name Córdova, Arnaldo
245 10 - TITLE STATEMENT
Title La formación del poder político en México
Statement of responsibility, etc / Arnaldo Córdova
250 ## - EDITION STATEMENT
Edition statement 1a ed.
260 ## - PUBLICATION, DISTRIBUTION, ETC. (IMPRINT)
Place of publication, distribution, etc México :
Name of publisher, distributor, etc Era,
Date of publication, distribution, etc 1972
300 ## - PHYSICAL DESCRIPTION
Extent 99 p.;
Dimensions 18 cm.
490 0# - SERIES STATEMENT
Series statement Problemas de México
500 ## - GENERAL NOTE
General note Incluye notas
650 #7 - SUBJECT ADDED ENTRY--TOPICAL TERM
Topical term or geographic name as entry element Ciencia política
General subdivision Historia
Geographic subdivision México
Source of heading or term lemb
651 #7 - SUBJECT ADDED ENTRY--GEOGRAPHIC NAME
Geographic name México
General subdivision Política y gobierno
Source of heading or term lemb
942 ## - ADDED ENTRY ELEMENTS (KOHA)
Source of classification or shelving scheme Biblioteca del Cogreso de los Estados Unidos
Koha item type Libro
Holdings
Estado de pérdida Fuente de clasificación Estado del daño No para préstamo Ubicación permanente Ubicación actual Apartado o colección Fecha de adquisición Edición Área del conocimiento Clasificación Código de Barras Date last seen Número de copia Costo por reposición Tipo de recurso
  Biblioteca del Cogreso de los Estados Unidos     Biblioteca de la Preparatoria Isaac Arriaga Biblioteca de la Preparatoria Isaac Arriaga General 26/08/2019 1a ed. Ciencias Sociales y Administrativas F1234 C67 r2001 PIA000003572 26/08/2019 C:1 1.00 Libro
  Biblioteca del Cogreso de los Estados Unidos     Biblioteca de la Preparatoria Isaac Arriaga Biblioteca de la Preparatoria Isaac Arriaga General 26/08/2019 1a ed. Ciencias Sociales y Administrativas F1234 C67 r2001 PIA000004956 10/12/2019 C:2 1.00 Libro
  Biblioteca del Cogreso de los Estados Unidos     Biblioteca de la Preparatoria Isaac Arriaga Biblioteca de la Preparatoria Isaac Arriaga General 26/08/2019 1a ed. Ciencias Sociales y Administrativas F1234 C67 r2001 PIA000004957 10/12/2019 C:3 1.00 Libro